01587nam a2200325 i 4500003000900000005001700009007000300026008004100029020001800070040003000088082001300118100004300131245023300174264003700407300002600444336002700470337003300497338002800530500003900558590002700597700004600624700005200670710009500722910001400817942001400831952012900845952013500974952013501109999001701244DO-SdBNP20240610151430.0ta240610t2022 dr 000 0 spa d a9789945623147 aDO-SdBNPbspacBNPHUerda bS2252221 aSang Ben, Miguel,d1948-eautor98322713aDilemas estratégicos dominicanos :bensayos y artículos sobre geopolítica, relaciones internacionales y seguridad, desde la nación dominicana /cMiguel Sang Ben ; introducción Roberto Álvarez, José Rafael Espaillat 1aSanto Domingo :bINESDYC,c2022. a236 páginasc24 cm. 2rdacontentatextobtxt 2rdamediaasin mediaciónbn 2rdacarrieravolumenbnc aIncluye notas al pie de páginas. aInventariado, 2024/ YL1 aÁlvarez, Robertoepresentación9493671 aEspaillat, José Rafaelepresentación985621 aInstituto de Educación Superior en Formación Diplomática y Consular (INESDYC)984530 aYlockward 2ddccLBS1 00102ddc51708PDaBNPHUbBNPHUcCTd2024-02-12eDeposito Legall0oBNPHU PD S225p2024-3307r2024-06-10w2024-06-10yLBS1 00102ddc51708PDaBNPHUbBNPHUcCTd2024-02-12eDeposito Legall0oBNPHU PD S225p2024-3308r2024-06-10te. 2w2024-06-10yLBS1 00102ddc56708DSaBNPHUbBNPHUcCTd2024-02-12eDeposito Legall0oBNPHU DS S225p2024-3309r2024-06-10te. 3w2024-06-10yLBS1 c56799d56799